000 00298nam a2200109Ia 4500
008 220204s9999 xx 000 0 und d
082 _a57.086.15
_bRUZ
100 _aRuzin, Steven E
245 0 _aPlant microtechnique and microscopy
260 _aNew York
_bOxford University Press
_c1999
942 _cBK
999 _c41798
_d41798